| 000 | 01221cam a22003254a 4500 | ||
|---|---|---|---|
| 999 |
_c329007 _d329007 |
||
| 001 | 1212122 | ||
| 003 | Nust | ||
| 005 | 20170420153440.0 | ||
| 008 | 990104s1999 maua b 001 0 eng | ||
| 010 | _a 99011785 | ||
| 020 | _a0262161834 | ||
| 040 |
_aDLC _cDLC _dDLC |
||
| 042 | _apcc | ||
| 050 | 0 | 0 |
_aQP475 _b.P24 1999 |
| 082 | 0 | 0 |
_a612.84 PAL _221 |
| 100 | 1 |
_aPalmer, Stephen E. _q(Stephen Embry), _d1948- |
|
| 245 | 1 | 0 |
_aVision science : _bphotons to phenomenology / _cStephen E. Palmer. |
| 260 |
_aCambridge, Mass. : _bMIT Press, _cc1999. |
||
| 300 |
_axxii, 810 p. : _bill. ; _c26 cm. |
||
| 500 | _a"A Bradford book." | ||
| 504 | _aIncludes bibliographical references (p. [737]-769) and indexes. | ||
| 650 | 0 | _aVision. | |
| 650 | 0 | _aVisual perception. | |
| 650 | 0 | _aCognitive science. | |
| 906 |
_a7 _bcbc _corignew _d1 _eocip _f19 _gy-gencatlg |
||
| 942 |
_2ddc _cBK |
||